Diálogo con Erik Erikson / (Record no. 29298)

MARC details
000 -LEADER
campo de control de longitud fija 00877ntaaa2200241 4500
003 - IDENTIFICADOR DE NÚMERO DE CONTROL
campo de control 01
005 - FECHA Y HORA DE LA ÚLTIMA TRANSACCIÓN
campo de control 20251027203355.0
008 - DATOS DE LONGITUD FIJA--INFORMACIÓN GENERAL
campo de control de longitud fija 0714s1973 ag 01
040 ## - FUENTE DE CATALOGACIÓN
Centro catalogador/agencia de origen AR-BaBN
Lengua de catalogación spa
Centro/agencia transcriptor AR-BaBN
Normas de descripción aacr
Centro/agencia modificador RIC
100 ## - ENTRADA PRINCIPAL--NOMBRE DE PERSONA
Nombre de persona Evans, Richard I.
9 (RLIN) 57
245 ## - MENCIÓN DEL TÍTULO
Título Diálogo con Erik Erikson /
Mención de responsabilidad, etc. Richard I. Evans, traducido por Carlos Valdéz Vázquez
260 ## - PUBLICACIÓN, DISTRIBUCIÓN, ETC.
Lugar de publicación, distribución, etc. México :
Nombre del editor, distribuidor, etc. Fondo de Cultura Económica,
Fecha de publicación, distribución, etc. 1975
300 ## - DESCRIPCIÓN FÍSICA
Extensión 166 p. ;
Dimensiones 18 cm.
490 ## - MENCIÓN DE SERIE
Mención de serie Popular
500 ## - NOTA GENERAL
Nota general Título original: Dialogue with Erik Erikson
500 ## - NOTA GENERAL
Nota general Donación de Tomás J. M. Mackey, 2021
500 ## - NOTA GENERAL
Nota general Bibliografía: p. 158-164
505 ## - NOTA DE CONTENIDO CON FORMATO
Título 1. Las ocho etapas del hombre
505 ## - NOTA DE CONTENIDO CON FORMATO
Título 2. Análisis interculturales y psicohistóricos
505 ## - NOTA DE CONTENIDO CON FORMATO
Título 3. El psicoanálisis y su repercusión: filosofía, teoría y método
700 ## - ENTRADA AGREGADA--NOMBRE PERSONAL
Nombre de persona Valdéz Vázquez, Carlos
Término indicativo de función/relación traductor
9 (RLIN) 37839
942 ## - ELEMENTOS DE ENTRADA SECUNDARIOS (KOHA)
Tipo de ítem Koha Colección General
Holdings
Estatus retirado Estado de pérdida Estado de daño No para préstamo Biblioteca de origen Biblioteca actual Fecha de adquisición Número de inventario Total de préstamos Código de barras Visto por última vez Precio de reemplazo Tipo de ítem Koha
        Biblioteca Pluis Biblioteca Pluis 27/10/2025 045885   045885 27/10/2025 27/10/2025 Colección General